00605nam a2200193Ia 4500008004100000020001400041082001700055100002600072245004200098250000800140260004500148300002700193500001900220600002700239650001500266942000700281952010800288999001500396240925s9999 xx 000 0 und d a139737774 a621.3815 BOY aBoylestad ,Robert L. 0aElectronic Devices and Circuit Theory a7th aNew Jersey:bPrintice- Hall Int.c,1999. axvi,287p.bNAfPirated aIncludes Index aElectronic Engineering aTechnology cBK 001040708ELaUITUbUITUd2001-04-26eNAl0o621.3815 BOYpQ3609r2024-09-25 07:13:12w2024-09-25yBK c6108d6108